| 000 | 03184nab a2200613 4500 | ||
|---|---|---|---|
| 003 | AR-RoUNA | ||
| 022 | _a1697493X | ||
| 040 |
_aAR-RoUNA _bspa |
||
| 041 |
_aspa _aeng |
||
| 044 | _aag | ||
| 245 |
_aAV Proyectos : _n Nº127 _bTierra cruda. Una técnica recuperada |
||
| 260 |
_aMadrid, España : _bArquitectura Viva, _c2004 |
||
| 300 |
_a80 p. : _bfot. col. _bil. col. _bCortes _bplantas _c29x24 cm. |
||
| 505 | 0 | _tPIEZAS | |
| 505 | 0 | _aAromas modernos / Le Corbusier Villa Savoye. Obra maestra del movimiento moderno. p. 2 | |
| 505 | 0 | _aColección cápsula / Louis Vuitton. Pop - up. Takashi Murakami. p. 4 | |
| 505 | 0 | _aReescribir la historia/ Frida Escobedo. Museo de Arte Metropolitano en Nueva York. p.6 | |
| 505 | 0 | _aOtra capa de cultura / Lina Ghotmeh. Renovación del Museo Británico. p. 8 | |
| 505 | 0 | _tPORTADA | |
| 505 | 0 | _aConstruir con tierra / Tradición e innovación. Fernando Vela Cossio. Sostenibilidad. p. 10 | |
| 505 | 0 | _aBaluarte desértico / Leopold Banchini Arquitectos. Casa El Farina, Marruecos. p. 16 | |
| 505 | 0 | _aTerruño insular / munarq. Sistema constructivo muros de carga de balasto. Ca na Paul, España. p. 20 | |
| 505 | 0 | _aLaberinto Climático / Peris + Toral Arquitectos. 43 Viviendas sociales Ibiza, España. p. 24 | |
| 505 | 0 | _aOasis deportivo / Taller Héctor Barroso. Centro deportivo Los Cabos, México. p.28 | |
| 505 | 0 | _aTaller material / Rehabilitación edificio prototipo diseño biorregional. BC Arquitectos y estudio. Atelier LUMA, Francia. p. 32 | |
| 505 | 0 | _aStudio Mumbai. Studio Mediterráneo / Claustro de crianza. Bodega Chateau de Beacastel. p. 36 | |
| 505 | 0 | _aNave de secado / Boltshauser Arquitectos. Tore Klin para el Museo Brickworks, Suiza. p. 40 | |
| 505 | 0 | _tPERSONAJES | |
| 505 | 0 | _aAcción compacta / Entrevista con Anna Heringer y Martín Rauch/ Aljandra Galache. Tierra. Sustentabilidad. p. 44 | |
| 505 | 0 | _aEfecto Greenwashing. p. 47 | |
| 505 | 0 | _tPROPUESTAS | |
| 505 | 0 | _aDispositivos domésticos/ Mireia Luzarraga y Alejandro Muiño / Estudio TAKK. Casa Seasonal. p. 52 | |
| 505 | 0 | _aAtmósferas climáticas. p. 57 | |
| 505 | 0 | _tPROCESO | |
| 505 | 0 | _aAria de bravura/ Shanghai Gran Casa Opera en colaboración con ECADI. Teatro Proyectos y Nagata Acústicos. p. 58 | |
| 505 | 0 | _aCubierta helicoidal. p. 65 | |
| 505 | 0 | _aPendiente transitable. p. 66 | |
| 505 | 0 | _tPERSPECTIVA | |
| 505 | 0 | _aOcio en la azotea/ Penthouse Apartamentos de Carlos Beistegui. Luis Fernando Galiano | |
| 505 | 0 | _tPRODUCTOS | |
| 505 | 0 | _aCasas de canes / Arquitectura para perros. Exhibición en Milán. p. 74 | |
| 505 | 0 | _aOMA /Ellen Van Loon Diseño nuevo Tiffany exhibición en Tokyo. Brillos biográficos. p. 76 | |
| 505 | 0 | _aCréditos/ 127 2025. p.78 | |
| 505 | 0 | _tPANTALLAS | |
| 505 | 0 | _aAqui / Película grabada en un único plano. p. 80 | |
| 650 |
_aArquitectura contemporanea _9431 |
||
| 650 |
_aMuseos _910651 |
||
| 773 | 0 |
_aAV Proyectos _dMadrid, Arquitectura Viva 2018 _gnº127 ( 2025) p. 80 _x1697493X |
|
| 856 | _uwww.arquitecturaviva.com | ||
| 908 | _aImp | ||
| 942 |
_2udc _cART |
||
| 945 |
_aMBP _d2017-09-04 |
||
| 980 |
_gMaricel Allasia _6138 _aCarolina Rainero _81 |
||
| 999 |
_c12337 _d12337 |
||